| 000 | 00532nam a22001935a 4500 | ||
|---|---|---|---|
| 999 |
_c128498 _d128498 |
||
| 001 | 62147 | ||
| 003 | ARRUPE | ||
| 005 | 20181102114615.0 | ||
| 008 | 940518s1987 txu 000 0 eng | ||
| 010 | _a 94160081 | ||
| 020 | _a0910309361 | ||
| 040 |
_aDLC _cDLC |
||
| 050 | 1 | 0 | _aDT19.J13 |
| 100 | 1 |
_aJackson, John G. _932357 |
|
| 245 | 1 | 4 |
_aThe golden ages of Africa / _cJohn G. Jackson |
| 260 |
_aAustin, TX : _bAmerican Atheist Press, _c1987. |
||
| 300 |
_a26p. ; _c22cm. |
||
| 651 |
_aAfrica _xHistory _943258 |
||
| 906 |
_a0 _bibc _corignew _d2 _encip _f19 _gy-gencatlg |
||
| 942 |
_2lcc _cMONOGRAPH |
||